Chargement en cours...

Atomic Physics

Détails bibliographiques
Auteur principal: Darwood,John
Autres auteurs: The Critical Potentials of Atoms
Format: Printed Book
Publié: Oxford OUP 1983
Sujets:
LEADER 00477nam a22001457a 4500
082 |a 539.7  |b DAR 
100 |a Darwood,John 
245 |a Atomic Physics 
260 |a Oxford  |b OUP  |c 1983 
300 |a viii,652 
650 |a The Conduction of Electricity Through Gases 
700 |a The Critical Potentials of Atoms 
942 |c BK 
999 |c 129600  |d 129596 
952 |0 0  |1 0  |4 0  |6 539_700000000000000_DAR  |7 0  |8 NFIC  |9 128313  |a SPAP  |b SPAP  |c GEN  |d 2017-08-30  |l 0  |o 539.7 DAR  |p SPAP161  |r 2017-08-30  |w 2017-08-30  |y BK